| Поле | Инд. | ПП | Название | Значение |
|---|---|---|---|---|
| Тип записи | a | |||
| Библиографический уровень | b | |||
| 001 | Контрольный номер | 05934326a8234270a444e06dc94348d2 | ||
| 005 | Дата корректировки | 20220405162148.5 | ||
| 024 | 80 | a | Стандартный номер | DOI: 10.1088/1748-0221/5/03/T03006 |
| 040 | a | Служба первич. каталог. | РИНЦ | |
| 041 | 0_ | a | Код языка текста | Английский |
| 084 | a | Индекс другой классификации/Индекс ББК | 22.381 | |
| 097 | a | Ануфриева Г.Ю. | ||
| 100 | 1_ | a | Автор | Chatrchyan S. |
| 100 | 1_ | a | Автор | Khachatryan V. |
| 100 | 1_ | a | Автор | Sirunyan A. M. |
| 100 | 1_ | a | Автор | Avila C. |
| 100 | 1_ | a | Автор | Korenkov V. V. |
| g | Прочие сведения | РИНЦ AuthorID: 98902 (http://elibrary.ru/author_items.asp?authorid=98902) | ||
| q | Полное имя | Кореньков Владимир Васильевич | ||
| u | Дополнение | Кореньков В. В. | ||
| c | Титул (звания) | старший научный сотрудник; доктор технических наук | ||
| i | 000089014 | |||
| k | Кафедра распределенных информационно-вычислительных систем; Институт системного анализа и управления | |||
| 245 | 10 | a | Заглавие | CMS data processing workflows during an extended cosmic ray run |
| 550 | a | Прим. об изд. организации | Кафедра распределенных информационно-вычислительных систем; Институт системного анализа и управления | |
| 650 | 04 | a | Основная рубрика | физика; ядерная физика |
| 773 | 18 | t | Название источника | Journal of Instrumentation |
| b | Сведения об издании | Institute of Physics and IOP Publishing Ltd. | ||
| c | Великобритания | |||
| d | Место и дата издания | 2010 | ||
| m | Специф. данные | входит в Scopus | ||
| m | Специф. данные | входит в WoS | ||
| m | Специф. данные | входит в ядро РИНЦ | ||
| n | Примечание | https://elibrary.ru/title_about.asp?id=30079 | ||
| p | J INSTRUM; JINST | |||
| g | Прочая информация | V. 5. - № 3. - P. T03006 | ||
| w | Контрольный № источника | 7e578aa61e4f4ef1932863bea8acfa2d | ||
| 856 | 40 | u | URL | https://elibrary.ru/item.asp?id=16979727 |
| 901 | t | Тип документа | b | |
| 952 | c | Вид литературы | статья в журнале |